000 01383nam a2200373Ia 4500
001 Z_6860
003 CHAP
005 20230627144933.0
008 220113s2015 xx 000 0 und d
010 _a170134
040 _cCHAP
090 _aTesis T67 2500
100 _aTorres Morales, Rafael
_9129579
245 _aEvaluación de tres protocolos de sincronización e inseminación artificial a tiempo fijo en ganado holstein /
_cRafael Torres Morales y Luis Daniel Uribe Ahedo
260 _aMéxico :
_bEl autor,
_c2015
300 _aCD
502 _aTesis (Ingeniero Agrónomo Especialista en Zootecnia) -- UACh, 2015 \ Dirección: Carlos G. Germán Alarcón; asesoría: Juan González Maldonado y Said Cadena Villegas
650 _aGanado bovino holstein
_9146167
650 _aOvsynch
_9146168
650 _aPérdida embrionaria
_9146169
650 _aPorcentaje de gestación
_9146170
650 _aPresynch
_9146171
650 _aResynch
_9146172
700 _a Cadena Villegas, Said, asesor
_9146173
700 _a Germán Alarcón, Carlos G., director
_9146174
700 _a González Maldonado, Juan, asesor
_9145987
700 _aUribe Ahedo, Luis Daniel, coaut.
_9146175
856 4 2 _uhttp://10.13.5.2/tesis/sist111651.pdf
_yDescargar PDF
901 _aTESIS T67 2500
902 _aM
910 _a2015
942 _c2
_2ddc
942 _c2
_2ddc
999 _c170134
_d170134